000 00750nam a22002537a 4500
005 20251108173526.0
008 250721s9999 xx 000 0 ara d
082 1 4 _aط/923.13943/
100 1 _aهنداوي، خليل
245 1 0 _aزنوبيا ملكة تدمر /
264 1 _aبيروت :
_bدار الشرق العربي،
300 _a126ص.
490 0 _aأعلام خالدون
650 1 7 _aالملكات
650 1 7 _aالتراجم
650 1 7 _aتاريخ سورية القديم
650 1 7 _aتدمر
653 _aناشئون صغار (10-14 سنة )
700 1 _aالانطاكي، محمد
700 1 _aحاضري، بدر الدين
700 1 _aقجة، محمد
942 _2ddc
_cBK
999 _c105995
_d105995